00342nam a22001337a 4500003000400000008004100004020001800045100001200063245005000075260003700125300001000162650002500172700001100197OSt250215b |||||||| |||| 00| 0 eng d a9788197818493 aTARUNA, aEmerging Trends In Real- Time Data Analytics  aNew Delhi,bNaples India:c2024. a581p. aFaculty Publication  aPooja